[Event "CAN-ch Seniors 50+"]
[Site "Kitchener"]
[Date "2015.08.01"]
[Round "2"]
[White "Vlasov, John"]
[Black "Litchfield, Gerry"]
[Result "1-0"]
[WhiteElo "1852"]
[BlackElo "1699"]
[PlyCount "103"]
[EventDate "2015.07.31"]
[EventType "swiss"]
[EventRounds "7"]
[EventCountry "CAN"]
[SourceTitle "EXT 2022"]
[Source "ChessBase"]
[SourceDate "2021.10.06"]
[SourceVersion "1"]
[SourceVersionDate "2021.10.06"]
[SourceQuality "1"]

1. d4 d6 2. e4 Nf6 3. Bd3 Nbd7 4. c4 e5 5. d5 Nc5 6. Nc3 Nxd3+ 7. Qxd3 Be7 8. f3 0-0 9. g4 Ne8 10. Nge2 Bg5 11. Bxg5 Qxg5 12. h4 Qe7 13. 0-0-0 Bd7 14. Ng3 a6 15. Kb1 c6 16. Nf5 Bxf5 17. gxf5 c5 18. Rdg1 Nc7 19. h5 Kh8 20. Rg2 Rg8 21. Rg4 Rab8 22. Nd1 b5 23. Ne3 bxc4 24. Nxc4 Nb5 25. Rhg1 Qf6 26. R1g2 Qh6 27. Qd2 Qxd2 28. Rxd2 h6 29. a4 Nc3+ 30. Kc1 Nxa4 31. Nxd6 f6 32. Nc4 Rb4 33. Rc2 Rgb8 34. Rgg2 Kg8 35. Na5 Nb6 36. Nc6 Nd7 37. Nxb8 Rxb8 38. Rc3 Rb4 39. Ra3 Rb6 40. Rc2 Kf7 41. Ra5 Ke7 42. Rc3 Kd6 43. Rc2 Ke7 44. Rg2 Kf7 45. Kc2 Kf8 46. Ra1 Nb8 47. Kc3 Rb5 48. Kc4 Kf7 49. Rag1 Kf8 50. Rxg7 Rxb2 51. Rg8+ Ke7 52. R1g7+ 1-0